Think Drink-Beverages (Slideshow) Quiz Stats

Quiz not verified by Sporcle

Challenge
Share
Tweet
Score 0/25 Timer 07:00
0 Plays Today
% Correct
Water
99.1%
Milk
97.9%
Orange Juice
97.9%
Grape Juice
95.4%
Tea
92%
Lemonade
91.7%
Soda
90.5%
Apple Juice
89.9%
Wine
88.7%
Hot Chocolate
86.8%
Iced Tea
83.1%
Strawberry Milk
82.2%
Martini
80.1%
% Correct
Fruit Punch
78.5%
Beer
77.3%
Smoothie
74.8%
Slushie
69.6%
Tomato Juice
69%
Coffee
67.5%
Cappuccino
64.7%
Sparkling Water
64.7%
Eggnog
63.5%
Sport Drinks
62.9%
Chocolate Milk
61%
Ginger Ale
41.7%

You're not logged in!

Compare scores with friends on all Sporcle quizzes.
Sign Up with Email
OR
Log In

You Might Also Like...

Show Comments

Extras

Top Quizzes Today


Score Distribution

Your Account Isn't Verified!

In order to create a playlist on Sporcle, you need to verify the email address you used during registration. Go to your Sporcle Settings to finish the process.